Statistics for Countries That Are Last Alphabetically Per Letter

Click here to take the quiz!

General Stats

  • This quiz has been taken 62 times
  • The average score is 17 of 24

Answer Stats

LetterAnswer% Correct
YYEMEN
97%
QQATAR
97%
ZZIMBABWE
93%
OOMAN
91%
AAZERBAIJAN
86%
UUZBEKISTAN
84%
FFRANCE
83%
JJORDAN
81%
VVIETNAM
76%
KKYRGYZSTAN
74%
RRWANDA
74%
HHUNGARY
69%
GGUYANA
67%
TTUVALU
67%
EETHIOPIA
66%
IITALY
66%
SSYRIA
64%
BBURUNDI
60%
MMYANMAR
60%
DDOMINICAN REPUBLIC
55%
CCZECHIA
55%
LLUXEMBOURG
53%
NNORWAY
50%
PPORTUGAL
45%

Score Distribution

Percentile by Number Answered

Percent of People with Each Score

Your Score History

You have not taken this quiz